| 000 | 00547nam a2200217Ia 4500 | ||
|---|---|---|---|
| 003 | 0100 | ||
| 005 | 20140206162138.0 | ||
| 008 | 130303s9999 xx 000 0 und d | ||
| 020 | _a0671772759 | ||
| 040 | _cARRUPELIB | ||
| 050 | _aBF710.A2 1970 | ||
| 100 |
_aAbrahamsen, David _98288 |
||
| 245 | 4 | _aThe road to emotional maturity | |
| 260 | _aNew York | ||
| 260 | _bPocket Books | ||
| 300 | _ax | ||
| 300 | _b 342 p. 19cm. | ||
| 650 |
_aMaturation (Psychology) _98289 |
||
| 650 |
_aEmotional maturity _98290 |
||
| 942 |
_2lcc _cMONOGRAPH |
||
| 999 |
_c7510 _d7510 |
||